| 000 | 00453nam a22001817a 4500 | ||
|---|---|---|---|
| 003 | NUST - PNEC | ||
| 005 | 20170116180820.0 | ||
| 008 | 150617b xxu||||| |||| 00| 0 eng d | ||
| 020 | _a- | ||
| 040 | _cLIBRARY | ||
| 082 | _a510 SIN | ||
| 100 |
_94069 _aSingh Manjeet |
||
| 245 |
_aEngineering mathematics _cManjeet singh |
||
| 260 |
_aDelhi _bDhanpat rai sons _cc1987. |
||
| 300 | _a1190 p. : | ||
| 650 |
_94071 _aMathematics _xME |
||
| 942 |
_2ddc _cBK |
||
| 999 |
_c63709 _d63709 |
||